[Event "32nd WCh U20 Girls"]
[Site "Pune IND"]
[Date "2014.10.16"]
[Round "10.9"]
[White "Monpeurt, Cyrielle"]
[Black "Khaled, Mouna"]
[Result "0-1"]
[WhiteElo "2115"]
[BlackElo "2191"]
[EventDate "2014.10.06"]
[PlyCount "86"]

1.e4 e5 2.Nf3 Nc6 3.Bb5 Nge7 4.Nc3 d6 5.d4 Bd7 6.O-O Ng6 7.Be3 Be7 8.Qe2 
O-O 9.Bxc6 Bxc6 10.Rad1 Qc8 11.dxe5 dxe5 12.Nd5 Bd6 13.c4 Qg4 14.Qc2 Rfc8 
15.h3 Qe6 16.b4 a6 17.Rd2 h6 18.Rfd1 Qe8 19.Qc3 Bf8 20.Nh2 f6 21.Ng4 Qf7 
22.Qb3 h5 23.Nh2 Ne7 24.Nf1 Nxd5 25.cxd5 Bd7 26.Bc5 Bd6 27.Ne3 b6 28.Bxd6 
cxd6 29.a4 Qe8 30.Ra1 b5 31.axb5 Bxb5 32.Nf5 Qd7 33.Qf3 g6 34.Nh4 Qf7 35.
Qg3 Kh7 36.f4 exf4 37.Qxf4 g5 38.Qf5+ Kg8 39.Nf3 Bd7 40.Nxg5 fxg5 41.Qxg5+
Qg7 42.Qxh5 Qxa1+ 43.Rd1 Qg7 0-1

[Event "32nd WCh U20 Girls"]
[Site "Pune IND"]
[Date "2014.10.16"]
[Round "10.10"]
[White "Pujari, Rucha"]
[Black "Furtado, Ivana Maria"]
[Result "1/2-1/2"]
[WhiteElo "2113"]
[BlackElo "2165"]
[EventDate "2014.10.06"]
[PlyCount "153"]

1.d4 Nf6 2.c4 e6 3.Nf3 d5 4.Nc3 dxc4 5.e3 a6 6.a4 b6 7.Bxc4 Bb7 8.O-O Bb4 
9.Ne5 O-O 10.Qb3 Qe7 11.Bd2 Bd6 12.f4 Nbd7 13.Nxd7 Qxd7 14.Be2 c5 15.Rad1 
cxd4 16.exd4 Bc7 17.Be1 Nd5 18.Nxd5 Bxd5 19.Bc4 Bc6 20.Qh3 Bxa4 21.b3 Bc6 
22.f5 exf5 23.d5 Bb5 24.d6 Bxc4 25.bxc4 Rfe8 26.Qf3 Bxd6 27.Bb4 Bxh2+ 28.
Kxh2 Qc7+ 29.Qf4 Rac8 30.Rd4 Qxf4+ 31.Rfxf4 g6 32.Kg3 a5 33.Bd2 Rc6 34.Rf3
Rec8 35.Rb3 g5 36.Rb5 f4+ 37.Kg4 h6 38.Kh5 Re8 39.Bc3 a4 40.Rb4 b5 41.Rxb5
Rce6 42.Rbd5 a3 43.Rd8 a2 44.Rxe8+ Rxe8 45.c5 Rc8 46.Ba1 Kf8 47.Rc4 Rc6 
48.Kg4 Ke7 49.Kf5 Kd7 50.Rc2 Ra6 51.Rd2+ Kc6 52.Rd6+ Kb5 53.Ke5 Rc6 54.Rd2
Rxc5+ 55.Ke4 Rc4+ 56.Kd3 Ra4 57.Kc3 g4 58.Kb3 f3 59.gxf3 gxf3 60.Rd5+ Kc6 
61.Rf5 Ra7 62.Rxf3 Kd5 63.Rf6 h5 64.Rf5+ Ke4 65.Re5+ Kf4 66.Rxh5 f5 67.Rh1
Kg4 68.Bd4 Ra8 69.Kc2 f4 70.Kd3 Kf3 71.Rf1+ Kg2 72.Ra1 f3 73.Rg1+ Kh2 74.
Rf1 Kg2 75.Rf2+ Kg3 76.Rf1 Kg2 77.Rg1+ 1/2-1/2

[Event "32nd WCh U20 Girls"]
[Site "Pune IND"]
[Date "2014.10.16"]
[Round "10.11"]
[White "Gevorgian, Maria"]
[Black "Michelle Catherina"]
[Result "1-0"]
[WhiteElo "2160"]
[BlackElo "2114"]
[EventDate "2014.10.06"]
[PlyCount "131"]

1.e4 e5 2.Nf3 Nc6 3.Bb5 a6 4.Ba4 Nf6 5.Qe2 b5 6.Bb3 Bc5 7.c3 O-O 8.d3 d6 
9.Bg5 Qe7 10.Nbd2 Nd8 11.d4 Bb6 12.d5 Rb8 13.Nf1 c6 14.Ng3 h6 15.Bh4 g6 
16.h3 Kg7 17.Rd1 c5 18.Nf1 c4 19.Bc2 Qa7 20.g4 Ng8 21.g5 h5 22.N3d2 f6 23.
gxf6+ Nxf6 24.Nf3 Nh7 25.Ne3 Rb7 26.Rh2 Rbf7 27.Ng5 Rf4 28.Nxh7 Kxh7 29.
Bg3 Bxe3 30.Qxe3 Qxe3+ 31.fxe3 Rf3 32.Bf2 Rxh3 33.Rxh3 Bxh3 34.a4 Nf7 35.
axb5 axb5 36.Ra1 Ng5 37.Ra6 Nf3+ 38.Ke2 Bg4 39.Kf1 h4 40.Kg2 Rf6 41.Bxh4 
Nxh4+ 42.Kg3 Bh5 43.Kxh4 Rf2 44.Rxd6 Rxc2 45.Re6 Kg7 46.Rxe5 Rxb2 47.Re7+ 
Kf8 48.d6 Rd2 49.e5 Bf3 50.Kg5 Be4 51.Rc7 Ke8 52.Kf6 Rf2+ 53.Ke6 Bf5+ 54.
Kd5 Bd7 55.e6 Rf5+ 56.Kd4 Bxe6 57.Re7+ Kd8 58.Rxe6 g5 59.e4 Rf3 60.Rh6 g4 
61.e5 Kd7 62.Kc5 Rf5 63.Rh7+ Ke8 64.d7+ Kd8 65.Kd6 Rf8 66.e6 1-0

[Event "32nd WCh U20 Girls"]
[Site "Pune IND"]
[Date "2014.10.16"]
[Round "10.12"]
[White "Fronda, Jan Jodilyn"]
[Black "Madhurima, Shekhar"]
[Result "1-0"]
[WhiteElo "2127"]
[BlackElo "2000"]
[EventDate "2014.10.06"]
[PlyCount "103"]

1.e4 e6 2.d4 d5 3.Nc3 Nf6 4.e5 Nfd7 5.Nf3 c5 6.dxc5 Nc6 7.Bf4 Nxc5 8.Bd3 
Nxd3+ 9.Qxd3 Bc5 10.O-O h6 11.h4 O-O 12.Bg3 Bd7 13.a3 a6 14.Rad1 Qe7 15.h5
Rfc8 16.Rfe1 Qf8 17.Ne2 b5 18.c3 Rab8 19.Nf4 Be7 20.Bh4 Bxh4 21.Nxh4 Qe7 
22.Nf3 a5 23.b4 Rb7 24.Qd2 Ra8 25.Ra1 Na7 26.Nd3 Nc8 27.Nc5 Rba7 28.Nb3 
axb4 29.axb4 Nb6 30.Rxa7 Rxa7 31.Qd4 Qd8 32.Ra1 Rxa1+ 33.Nxa1 Qc7 34.Nb3 
Na4 35.Nc5 Nxc5 36.Qxc5 Qxc5 37.bxc5 Kf8 38.Nd4 f6 39.c6 Bc8 40.Nxb5 Ke7 
41.Nd6 Kd8 42.exf6 gxf6 43.Nxc8 Kxc8 44.g4 e5 45.f4 exf4 46.Kf2 Kc7 47.Kf3
Kxc6 48.Kxf4 Kc5 49.Kf5 Kc4 50.Ke6 Kc5 51.Kxf6 Kc4 52.Ke5 1-0

[Event "32nd WCh U20 Girls"]
[Site "Pune IND"]
[Date "2014.10.16"]
[Round "10.14"]
[White "Pratyusha, Bodda"]
[Black "Kurbonboeva, Sarvinoz"]
[Result "0-1"]
[WhiteElo "2078"]
[BlackElo "2212"]
[EventDate "2014.10.06"]
[PlyCount "62"]

1.e4 c5 2.Nf3 Nc6 3.d4 cxd4 4.Nxd4 g6 5.c4 Nf6 6.Nc3 d6 7.Be2 Nxd4 8.Qxd4 
Bg7 9.Be3 O-O 10.Qd2 a5 11.f3 a4 12.Rc1 Qa5 13.Rc2 Bd7 14.Nb5 Bc6 15.Qxa5 
Rxa5 16.O-O Nd7 17.Nd4 Nc5 18.Rb1 f5 19.exf5 gxf5 20.b4 axb3 21.Nxb3 Ra3 
22.Bxc5 dxc5 23.Kf1 Bd4 24.Rd1 e5 25.f4 Ba4 26.fxe5 Bxe5 27.Rd5 Bxb3 28.
axb3 Bxh2 29.Rxc5 Ra1+ 30.Bd1 Rxd1+ 31.Ke2 Rd4 0-1

[Event "32nd WCh U20 Girls"]
[Site "Pune IND"]
[Date "2014.10.16"]
[Round "10.15"]
[White "Vaishali, Ramesh Babu"]
[Black "Imeeva, Aysa"]
[Result "1-0"]
[WhiteElo "2124"]
[BlackElo "2077"]
[EventDate "2014.10.06"]
[PlyCount "75"]

1.e4 e5 2.Nf3 Nc6 3.Bc4 Bc5 4.Nc3 Nf6 5.d3 d6 6.h3 h6 7.Na4 Bb6 8.Nxb6 
axb6 9.c3 O-O 10.O-O d5 11.exd5 Nxd5 12.Re1 Qd6 13.d4 exd4 14.Nxd4 Nce7 
15.Qf3 c5 16.Nb5 Qc6 17.Bd3 c4 18.Nd4 Qc5 19.Bc2 Nc6 20.Bxh6 Qd6 21.Bxg7 
Kxg7 22.Nb5 Qf4 23.Qxd5 Be6 24.Qe4 Qg5 25.Nc7 Rad8 26.Nxe6+ fxe6 27.Qh7+ 
Kf6 28.h4 Qg4 29.Qxb7 Rd6 30.Re4 Qf5 31.Rxc4 Qxc2 32.Rf4+ Kg6 33.Rxf8 Rd1+
34.Kh2 Ne5 35.h5+ Kxh5 36.Rh8+ Kg5 37.Qe7+ Kf4 38.Rf8+ 1-0

[Event "32nd WCh U20 Girls"]
[Site "Pune IND"]
[Date "2014.10.16"]
[Round "10.17"]
[White "Gu Tianlu"]
[Black "Zarkovic, Mila"]
[Result "1-0"]
[WhiteElo "2055"]
[BlackElo "2136"]
[EventDate "2014.10.06"]
[PlyCount "115"]

1.e4 c5 2.Nf3 e6 3.d4 cxd4 4.Nxd4 Nf6 5.Nc3 d6 6.Be2 Be7 7.O-O O-O 8.f4 
Nc6 9.Be3 Bd7 10.Qe1 Nxd4 11.Bxd4 Bc6 12.Qg3 g6 13.Qe3 Qa5 14.e5 dxe5 15.
fxe5 Nd5 16.Nxd5 Qxd5 17.Bf3 Qc4 18.b3 Qa6 19.a4 Rfd8 20.c3 Bxf3 21.Rxf3 
Rd7 22.Raf1 Bf8 23.Qf2 f5 24.exf6 Rf7 25.Re1 Re8 26.Rfe3 Bd6 27.Qe2 Qxe2 
28.R3xe2 e5 29.Bxe5 Bxe5 30.Rxe5 Rxe5 31.Rxe5 Rxf6 32.Re8+ Kf7 33.Rc8 Rb6 
34.Rc7+ Ke6 35.b4 h5 36.Kf2 Kf5 37.Ke3 g5 38.Rc5+ Kg4 39.Rc4+ Kf5 40.h3 
Re6+ 41.Kf3 b6 42.g4+ hxg4+ 43.hxg4+ Kf6 44.Rc7 a6 45.b5 axb5 46.axb5 Ke5 
47.Rc6 Re8 48.Rxb6 Rf8+ 49.Kg3 Rd8 50.Rc6 Rd3+ 51.Kf2 Ke4 52.Rc4+ Ke5 53.
b6 Rd7 54.Ke3 Rb7 55.Rc5+ Kf6 56.Rc6+ Ke5 57.c4 Rh7 58.Rc5+ 1-0

[Event "32nd WCh U20 Girls"]
[Site "Pune IND"]
[Date "2014.10.16"]
[Round "10.18"]
[White "Ni Shiqun"]
[Black "San Diego, Marie Antoinette"]
[Result "1/2-1/2"]
[WhiteElo "2312"]
[BlackElo "2033"]
[EventDate "2014.10.06"]
[PlyCount "75"]

1.e4 c5 2.Nf3 d6 3.Bb5+ Bd7 4.Bxd7+ Qxd7 5.c4 Nf6 6.Nc3 g6 7.d4 cxd4 8.
Nxd4 Bg7 9.h3 O-O 10.Be3 Nc6 11.O-O a6 12.a4 Rac8 13.b3 e6 14.Rc1 Qc7 15.
Nde2 Nd7 16.Nb5 axb5 17.cxb5 Qb8 18.bxc6 Rxc6 19.b4 Rfc8 20.Qb3 Nf6 21.
Rxc6 Rxc6 22.Nd4 Rc8 23.Qd3 d5 24.exd5 Nxd5 25.Rb1 Rd8 26.Bg5 Nf4 27.Bxf4 
Qxf4 28.Nxe6 Qxf2+ 29.Kxf2 Rxd3 30.Nxg7 Kxg7 31.a5 Ra3 32.Rd1 Rb3 33.Rd4 
Kf8 34.Re4 h5 35.Ke2 Rg3 36.Kf2 Rb3 37.Rc4 Ke8 38.h4 1/2-1/2

[Event "32nd WCh U20 Girls"]
[Site "Pune IND"]
[Date "2014.10.16"]
[Round "10.19"]
[White "Ivekovic, Tihana"]
[Black "Liu Manli"]
[Result "1/2-1/2"]
[WhiteElo "2122"]
[BlackElo "2039"]
[EventDate "2014.10.06"]
[PlyCount "103"]

1.d4 Nf6 2.c4 e6 3.Nf3 d5 4.Nc3 Be7 5.Bf4 O-O 6.e3 c5 7.dxc5 Bxc5 8.Qc2 
Nc6 9.O-O-O Qa5 10.a3 dxc4 11.Bxc4 a6 12.Ne4 Nxe4 13.Qxe4 Be7 14.h4 Qf5 
15.Qxf5 exf5 16.Bd6 Bxd6 17.Rxd6 h6 18.Rhd1 Re8 19.Bd5 Nb8 20.Ne5 Be6 21.
Bxb7 Ra7 22.Bd5 Rc7+ 23.Kb1 Bxd5 24.R1xd5 g6 25.h5 Rce7 26.hxg6 Rxe5 27.
Rxe5 Rxe5 28.Rd8+ Kg7 29.gxf7 Kxf7 30.Rxb8 Rd5 31.Rb7+ Kg6 32.Rb6+ Kh5 33.
Kc2 a5 34.b4 axb4 35.axb4 Kg5 36.f4+ Kg4 37.Rg6+ Kh4 38.Kc3 h5 39.Kc4 Rd4+
40.Kc5 Rc4+ 41.Kd5 Rxb4 42.g3+ Kh3 43.Rg5 Re4 44.Rxh5+ Kxg3 45.Rxf5 Rxe3 
46.Kd4 Kg4 47.Rf8 Re1 48.f5 Kg5 49.Kd5 Rd1+ 50.Ke6 Re1+ 51.Kd5 Rd1+ 52.Ke6
1/2-1/2

[Event "32nd WCh U20 Girls"]
[Site "Pune IND"]
[Date "2014.10.16"]
[Round "10.20"]
[White "Barbosa, Larissa Ichimura"]
[Black "Mahalakshmi, Muganda Kumar"]
[Result "0-1"]
[WhiteElo "1975"]
[BlackElo "1997"]
[EventDate "2014.10.06"]
[PlyCount "58"]

1.e4 c6 2.d4 d5 3.exd5 cxd5 4.c4 Nf6 5.Nc3 Nc6 6.Nf3 Be6 7.c5 g6 8.Bb5 Bg7
9.O-O O-O 10.Bxc6 bxc6 11.Qa4 Qc7 12.Be3 Nd7 13.a3 Rab8 14.b4 Bg4 15.Nd2 
e5 16.Nb3 Rfe8 17.h3 Bf5 18.dxe5 Nxe5 19.Nd4 Bd7 20.Rab1 Nc4 21.Rfe1 Nxe3 
22.fxe3 Rxe3 23.Nce2 Rbe8 24.Red1 Bxd4 25.Nxd4 Rxh3 26.gxh3 Qg3+ 27.Kh1 
Qxh3+ 28.Kg1 Qg3+ 29.Kh1 Re4 0-1

[Event "32nd WCh U20 Girls"]
[Site "Pune IND"]
[Date "2014.10.16"]
[Round "10.21"]
[White "Bengtsson, Jessica"]
[Black "Monnisha, Gajendra Babu Kannaiyan"]
[Result "0-1"]
[WhiteElo "1943"]
[BlackElo "2016"]
[EventDate "2014.10.06"]
[PlyCount "56"]

1.e4 e5 2.Nf3 Nc6 3.Bb5 Nge7 4.c3 a6 5.Ba4 g6 6.d4 exd4 7.cxd4 b5 8.Bc2 
Bg7 9.O-O d6 10.h3 O-O 11.a4 Rb8 12.axb5 axb5 13.Be3 h6 14.Bb3 Kh7 15.Nc3 
f5 16.exf5 Nxf5 17.Nd5 Nce7 18.Ra7 Bb7 19.Nf4 Bxf3 20.gxf3 Nxe3 21.fxe3 
Rxf4 22.exf4 Nf5 23.Kh2 Bxd4 24.Ra5 Qh4 25.Qe1 Qxf4+ 26.Kh1 Ng3+ 27.Kg2 
Nxf1 28.Qxf1 Qd2+ 0-1

[Event "32nd WCh U20 Girls"]
[Site "Pune IND"]
[Date "2014.10.16"]
[Round "10.22"]
[White "Azimova, Karina"]
[Black "Shweta, Gole"]
[Result "0-1"]
[WhiteElo "2063"]
[BlackElo "1881"]
[EventDate "2014.10.06"]
[PlyCount "152"]

1.e4 c5 2.c3 d5 3.exd5 Qxd5 4.d4 Nf6 5.Nf3 e6 6.Be2 Be7 7.O-O O-O 8.Qc2 
Nc6 9.Rd1 cxd4 10.Nxd4 Bd7 11.Bf4 Qc5 12.Nb3 Qb6 13.N1d2 e5 14.Nc4 Qc7 15.
Bg3 Be6 16.Ne3 Rfe8 17.Bf3 Bf8 18.Rd2 a5 19.Rad1 Qb6 20.Nd5 Bxd5 21.Bxd5 
Rac8 22.Bxc6 Rxc6 23.a4 Rc4 24.Re2 Rxa4 25.Nc1 Rc4 26.Rxe5 Rcc8 27.Nd3 
Rxe5 28.Nxe5 Qe6 29.h3 h5 30.Nf3 Qc6 31.Qf5 Qc5 32.Qxc5 Bxc5 33.Ng5 Re8 
34.Kf1 g6 35.f3 b6 36.Bf2 Bxf2 37.Kxf2 Re5 38.h4 Rb5 39.Rd2 Kf8 40.Re2 a4 
41.Ke1 Rb3 42.Kd1 a3 43.bxa3 Rxa3 44.Kc2 Nd5 45.Kb2 Rxc3 46.Ne4 Rc6 47.Rd2
Ne3 48.Kb3 Nf5 49.g3 Rc1 50.Rd3 Rg1 51.f4 Ke7 52.Kb4 Rb1+ 53.Kc4 Re1 54.
Kd5 Re3 55.Rxe3 Nxe3+ 56.Kc6 Nf1 57.Kxb6 Ke6 58.Kc5 Kf5 59.Nd6+ Kg4 60.
Nxf7 Nxg3 61.Ne5+ Kf5 62.Kd5 Ne2 63.Nxg6 Kxg6 64.Ke4 Ng3+ 65.Kf3 Nf5 66.
Kg2 Nxh4+ 67.Kh1 Kf5 68.Kh2 Kxf4 69.Kh1 Kg3 70.Kg1 Nf3+ 71.Kh1 Nd2 72.Kg1 
Ne4 73.Kh1 Nf2+ 74.Kg1 h4 75.Kf1 h3 76.Kg1 h2+ 0-1

[Event "32nd WCh U20 Girls"]
[Site "Pune IND"]
[Date "2014.10.16"]
[Round "10.23"]
[White "Harshita, Guddanti"]
[Black "Saranya, J."]
[Result "0-1"]
[WhiteElo "1925"]
[BlackElo "2107"]
[EventDate "2014.10.06"]
[PlyCount "136"]

1.e4 c5 2.Nf3 d6 3.d4 cxd4 4.Nxd4 Nf6 5.Nc3 a6 6.Be2 e5 7.Nb3 Be6 8.O-O 
Nbd7 9.f4 Qc7 10.Kh1 Be7 11.Be3 b5 12.Bf3 Rc8 13.Rc1 Nb6 14.f5 Nc4 15.Qe2 
Bd7 16.Bg5 Nb6 17.a3 h6 18.Bh4 Bc6 19.Nd2 O-O 20.Qf2 Qd8 21.Rfe1 Ng4 22.
Bxg4 Bxh4 23.g3 Bg5 24.f6 Qxf6 25.Qxf6 gxf6 26.Rcd1 Rcd8 27.Nf3 d5 28.Nxg5
fxg5 29.exd5 Nxd5 30.Nxd5 Rxd5 31.Rxd5 Bxd5+ 32.Kg1 Re8 33.Bf5 Kg7 34.Rd1 
Be6 35.Bxe6 Rxe6 36.g4 Kg6 37.Kf2 f5 38.Ke3 fxg4 39.Ke4 h5 40.b3 h4 41.c4 
bxc4 42.bxc4 g3 43.hxg3 hxg3 44.Rg1 g4 45.Rxg3 Kg5 46.Rg1 Rc6 47.Kd5 Rc8 
48.Rc1 Kf4 49.Rf1+ Ke3 50.Re1+ Kf2 51.Rxe5 Rg8 52.Rf5+ Ke2 53.Re5+ Kd2 54.
Rh5 g3 55.Rh1 g2 56.Rg1 Ke2 57.c5 Kf2 58.Rxg2+ Kxg2 59.c6 Kf3 60.c7 Ke3 
61.Kc6 Kd4 62.Kb7 a5 63.c8=Q Rxc8 64.Kxc8 a4 65.Kd7 Kc3 66.Kc6 Kb3 67.Kc5 
Kxa3 68.Kc4 Kb2 0-1

[Event "32nd WCh U20 Girls"]
[Site "Pune IND"]
[Date "2014.10.16"]
[Round "10.24"]
[White "Sunyasakta, Satpathy"]
[Black "Varga, Klara"]
[Result "0-1"]
[WhiteElo "1926"]
[BlackElo "2232"]
[EventDate "2014.10.06"]
[PlyCount "90"]

1.e4 e6 2.d4 d5 3.e5 c5 4.c3 Nc6 5.Nf3 Bd7 6.a3 cxd4 7.cxd4 a5 8.Nc3 Na7 
9.Bd3 b5 10.Ng5 g6 11.h4 h6 12.Nf3 h5 13.Qc2 Ne7 14.Bg5 Bg7 15.Qd2 Rb8 16.
Ne2 Nac6 17.Rc1 b4 18.O-O a4 19.Rc5 bxa3 20.bxa3 Rb3 21.Nc3 Na7 22.Ra1 Qb8
23.Qf4 Nf5 24.Bc2 Rxc3 25.Rxc3 Qb2 26.Bxf5 Qxa1+ 27.Rc1 Qxa3 28.Bc2 Nb5 
29.Rb1 O-O 30.Bf6 Nc3 31.Qg5 Nxb1 32.Bxg7 Kxg7 33.Qf6+ Kg8 34.Bxg6 Qc1+ 
35.Kh2 fxg6 36.Qxg6+ Kh8 37.Qxh5+ Kg7 38.Qg4+ Kf7 39.h5 Ke7 40.Qh4+ Ke8 
41.h6 Qf4+ 42.Qxf4 Rxf4 43.h7 Rf8 44.g4 Rh8 45.Ng5 a3 0-1

[Event "32nd WCh U20 Girls"]
[Site "Pune IND"]
[Date "2014.10.16"]
[Round "10.25"]
[White "Tejaswini, Sagar"]
[Black "Fransson, Angelina"]
[Result "1-0"]
[WhiteElo "1876"]
[BlackElo "2019"]
[EventDate "2014.10.06"]
[PlyCount "77"]

1.e4 c5 2.Nf3 d6 3.d4 cxd4 4.Nxd4 Nf6 5.Nc3 e6 6.Be3 a6 7.f3 b5 8.g4 Bb7 
9.Qd2 Nc6 10.O-O-O Nd7 11.h4 Nc5 12.Qf2 b4 13.Nce2 Qc7 14.Kb1 Be7 15.g5 
Ne5 16.Ng3 d5 17.Nb3 Na4 18.Bf4 Nd3 19.cxd3 Qxf4 20.Nh5 Qe5 21.d4 Qb8 22.
Nxg7+ Kf8 23.Nh5 dxe4 24.Bg2 e3 25.Qxe3 Bd5 26.Rhe1 Nb6 27.Bh3 a5 28.Nc5 
Qd6 29.Ne4 Nc4 30.Qe2 Qc6 31.Nf4 a4 32.Nxd5 Qxd5 33.Nc5 b3 34.Nxe6+ fxe6 
35.Bxe6 Na3+ 36.bxa3 bxa2+ 37.Qxa2 Qb7+ 38.Ka1 Kg7 39.Bd5 1-0

[Event "32nd WCh U20 Girls"]
[Site "Pune IND"]
[Date "2014.10.16"]
[Round "10.26"]
[White "Tarini, Goyal"]
[Black "Caballero Quijano, Mitzy Mishell"]
[Result "1-0"]
[WhiteElo "1868"]
[BlackElo "1961"]
[EventDate "2014.10.06"]
[PlyCount "71"]

1.d4 d6 2.c4 e5 3.Nf3 e4 4.Ng5 f5 5.Nc3 c6 6.Nh3 Nf6 7.Bg5 h6 8.Bxf6 Qxf6 
9.e3 Na6 10.Be2 Be6 11.d5 Bd7 12.dxc6 bxc6 13.Nf4 g5 14.Bh5+ Kd8 15.Ng6 
Rg8 16.Nxf8 Rxf8 17.Be2 Nc5 18.O-O g4 19.Qd2 a5 20.b3 Ke7 21.Rfd1 Qe6 22.
Rab1 Rab8 23.Bf1 Qe5 24.Ne2 Ne6 25.a3 Rf6 26.b4 axb4 27.axb4 Nc7 28.Nf4 
Be8 29.Ra1 Rb7 30.Ra5 c5 31.b5 Bf7 32.Qa2 d5 33.cxd5 Rfb6 34.Qb3 Kd6 35.
Qa3 Be8 36.Rc1 1-0

[Event "32nd WCh U20 Girls"]
[Site "Pune IND"]
[Date "2014.10.16"]
[Round "10.27"]
[White "Hinduja, Reddy"]
[Black "Divya Lakshmi, R."]
[Result "1-0"]
[WhiteElo "1934"]
[BlackElo "1905"]
[EventDate "2014.10.06"]
[PlyCount "93"]

1.Nf3 d5 2.g3 Bg4 3.Bg2 Nd7 4.d4 c6 5.O-O Ngf6 6.c4 e6 7.Nbd2 Be7 8.h3 Bh5
9.g4 Bg6 10.Nh4 Qc7 11.Nxg6 hxg6 12.e4 Nxe4 13.Nxe4 dxe4 14.Re1 f5 15.f3 
Qg3 16.fxe4 Bh4 17.Rf1 fxe4 18.Bf4 Qd3 19.Qxd3 exd3 20.Rad1 Nb6 21.b3 
O-O-O 22.Rxd3 Bf6 23.Rfd1 Rd7 24.g5 Bd8 25.Bc1 Rh4 26.Bf3 Rxh3 27.Bxc6 
Rxd3 28.Bxd7+ Nxd7 29.Rxd3 e5 30.dxe5 Nxe5 31.Rd5 Nf3+ 32.Kf2 Nh4 33.Kg3 
Nf5+ 34.Kg4 Bb6 35.Rd3 Bd4 36.Bf4 b6 37.Kf3 Bc5 38.Be5 Ba3 39.Kg4 Bc5 40.
Bf4 Bd4 41.b4 a5 42.bxa5 bxa5 43.Ra3 Bb6 44.c5 Bxc5 45.Rxa5 Bb6 46.Ra8+ 
Kb7 47.Re8 1-0

[Event "32nd WCh U20 Girls"]
[Site "Pune IND"]
[Date "2014.10.16"]
[Round "10.28"]
[White "Aakanksha, Hagawane"]
[Black "Chitlange, Sakshi"]
[Result "1-0"]
[WhiteElo "1918"]
[BlackElo "1827"]
[EventDate "2014.10.06"]
[PlyCount "105"]

1.e4 c6 2.Nc3 d5 3.Nf3 Bg4 4.h3 Bxf3 5.Qxf3 e6 6.d4 dxe4 7.Qxe4 Nf6 8.Qd3 
Qc7 9.Bg5 Nbd7 10.g3 Bd6 11.Bg2 h6 12.Be3 Rd8 13.O-O O-O 14.Rad1 Rfe8 15.
Ne2 e5 16.c4 exd4 17.Nxd4 Nc5 18.Qe2 Bf8 19.Qf3 Nce4 20.Nf5 Kh7 21.Rxd8 
Qxd8 22.Rd1 Qa5 23.a3 g6 24.Nd4 Qa4 25.Rc1 Bg7 26.Qf4 Qa5 27.Nb3 Qa4 28.
Nc5 Nxc5 29.Bxc5 Kg8 30.Qf3 Nd7 31.b3 Qa6 32.Bb4 Ne5 33.Qe3 Re6 34.Qd2 Qb6
35.c5 Qc7 36.Rd1 Re7 37.Qd6 Bf8 38.Qxc7 Rxc7 39.Bc3 Bg7 40.Be1 Re7 41.Kf1 
Nd7 42.b4 a6 43.f4 Kf8 44.a4 Kg8 45.b5 axb5 46.axb5 cxb5 47.Bb4 Nxc5 48.
Bxc5 Rc7 49.Rd5 Bf6 50.Ke2 Bc3 51.Kd3 b4 52.Rd8+ Kh7 53.Bd6 1-0

[Event "32nd WCh U20 Girls"]
[Site "Pune IND"]
[Date "2014.10.16"]
[Round "10.29"]
[White "Ananya, Suresh"]
[Black "Turkova, Karolina"]
[Result "1/2-1/2"]
[WhiteElo "1853"]
[BlackElo "2033"]
[EventDate "2014.10.06"]
[PlyCount "70"]

1.e4 e5 2.Nf3 Nc6 3.Bb5 a6 4.Ba4 Nf6 5.O-O Be7 6.Re1 b5 7.Bb3 d6 8.c3 O-O 
9.h3 Na5 10.Bc2 d5 11.exd5 e4 12.Bxe4 Nxe4 13.Rxe4 Bb7 14.d4 Bf6 15.Bf4 
Qxd5 16.Re1 Nc4 17.b3 Nd6 18.Nbd2 Rad8 19.Qc2 Rfe8 20.c4 Qc6 21.Rad1 Bxd4 
22.Bxd6 cxd6 23.Qd3 Bc5 24.Qf5 g6 25.Qf4 Rxe1+ 26.Rxe1 Re8 27.Rxe8+ Qxe8 
28.Kf1 a5 29.Ng5 bxc4 30.bxc4 Kg7 31.Nde4 Qe7 32.Nxc5 dxc5 33.Nf3 Ba6 34.
Nd2 Qe6 35.f3 Qf6 1/2-1/2

[Event "32nd WCh U20 Girls"]
[Site "Pune IND"]
[Date "2014.10.16"]
[Round "10.30"]
[White "Supriya, Joshi"]
[Black "Krumova, Ani"]
[Result "1/2-1/2"]
[WhiteElo "1857"]
[BlackElo "1998"]
[EventDate "2014.10.06"]
[PlyCount "71"]

1.e4 c5 2.Nf3 Nc6 3.Bb5 Nf6 4.Bxc6 dxc6 5.d3 Bg4 6.h3 Bh5 7.Nc3 Qc7 8.g4 
Bg6 9.Be3 e5 10.Nh4 Nd7 11.Qd2 f6 12.Rg1 Bf7 13.g5 Be7 14.Nf5 Bf8 15.gxf6 
gxf6 16.Ne2 O-O-O 17.O-O-O Nb6 18.Qa5 Bh5 19.Rde1 Qf7 20.Neg3 Bg6 21.Kb1 
Kb8 22.Bxc5 Bxc5 23.Qxc5 Rd7 24.Nh6 Qe6 25.h4 Nc8 26.Qe3 Nd6 27.f4 Be8 28.
Re2 Nb5 29.Ngf5 Bg6 30.Reg2 Rhd8 31.h5 Be8 32.Rg8 exf4 33.Qxf4+ Qe5 34.
Qxe5+ fxe5 35.R1g7 Kc7 36.Rxd7+ 1/2-1/2

[Event "32nd WCh U20 Girls"]
[Site "Pune IND"]
[Date "2014.10.16"]
[Round "10.31"]
[White "Bakshi, Rutuja"]
[Black "Anjana Krishna, S."]
[Result "1-0"]
[WhiteElo "1959"]
[BlackElo "1889"]
[EventDate "2014.10.06"]
[PlyCount "135"]

1.d4 Nf6 2.Nf3 d5 3.e3 g6 4.c4 Bg7 5.Nc3 c5 6.dxc5 Qa5 7.Qa4+ Qxa4 8.Nxa4 
Ne4 9.Nd4 dxc4 10.Bxc4 Nd7 11.Nb3 O-O 12.f3 Nef6 13.e4 Ne5 14.Be2 Nc6 15.
O-O Be6 16.Bd2 Rac8 17.Bb5 Bxb3 18.axb3 Nd4 19.Bc4 Nd7 20.Rac1 Ne5 21.Rcd1
Nxc4 22.bxc4 Nb3 23.Be3 Na5 24.Rc1 Nb3 25.Rc2 Rfd8 26.Kf2 Bd4 27.Bxd4 Rxd4
28.Ke3 Rd7 29.Rc3 Nxc5 30.Nxc5 Rxc5 31.b4 Rc8 32.c5 a6 33.Rfc1 Rc6 34.Rb1 
e5 35.Rd3 Rdc7 36.Rd5 Re6 37.Kd3 Kg7 38.Rd1 Ree7 39.Kc4 Kf6 40.Rd6+ Kg7 
41.R1d2 Kh6 42.Rd8 Kg7 43.R2d6 h6 44.b5 axb5+ 45.Kxb5 Kh7 46.Kb6 Kg7 47.h4
f5 48.h5 gxh5 49.exf5 Kh7 50.f6 Rf7 51.Re8 Kg6 52.Rxe5 h4 53.Re7 Rc8 54.
Rxf7 Kxf7 55.Rd5 Ke6 56.Kxb7 Rg8 57.Rd2 Rg5 58.c6 Rb5+ 59.Ka6 Rc5 60.Kb6 
Rc1 61.c7 Rb1+ 62.Ka7 Rc1 63.Kb7 Rb1+ 64.Kc8 h3 65.gxh3 Rg1 66.f7 Ke7 67.
f8=Q+ Kxf8 68.Kd8 1-0

[Event "32nd WCh U20 Girls"]
[Site "Pune IND"]
[Date "2014.10.16"]
[Round "10.32"]
[White "Munoz, Claudia"]
[Black "Hilmi, Parveen"]
[Result "1-0"]
[WhiteElo "1906"]
[BlackElo "1757"]
[EventDate "2014.10.06"]
[PlyCount "133"]

1.d4 d5 2.c4 e6 3.Nc3 Nf6 4.Nf3 Be7 5.Bf4 c6 6.cxd5 exd5 7.e3 Bf5 8.Nh4 
Bg6 9.Nxg6 hxg6 10.h3 Nbd7 11.Bd3 O-O 12.O-O Re8 13.Qc2 Nf8 14.Rac1 Ne6 
15.Be5 Nd7 16.Bh2 Nb6 17.f4 Bd6 18.f5 Bxh2+ 19.Kxh2 gxf5 20.Bxf5 Nf8 21.
Rf3 Nc4 22.Qf2 Qd6+ 23.Kh1 Qh6 24.Re1 Re7 25.Rf4 Rae8 26.Rh4 Qf6 27.Rf4 
Qh6 28.e4 Nxb2 29.Rh4 Qf6 30.Rf1 Nd3 31.Qg3 Qxd4 32.Ne2 Qc4 33.exd5 Nf4 
34.Rhxf4 Qxe2 35.d6 Re3 36.Qh4 f6 37.d7 Rd8 38.R4f2 Qb5 39.Qg4 Qe5 40.Bc2 
Rxd7 41.Rxf6 Ne6 42.Rxe6 Qxe6 43.Bf5 Qf7 44.Rf4 Rc7 45.Bg6 Qxf4 46.Qxf4 
Ree7 47.Qh4 Red7 48.Qh7+ Kf8 49.Qh8+ Ke7 50.Qxg7+ Kd6 51.Qf6+ Kc5 52.h4 b5
53.h5 Rd5 54.h6 Kb6 55.Be4 Rh5+ 56.Kg1 a5 57.g4 Rh3 58.Kg2 Ra3 59.Qe6 Re3 
60.g5 a4 61.g6 b4 62.g7 b3 63.axb3 a3 64.g8=Q Re2+ 65.Kf3 a2 66.Qb8+ Ka6 
67.Qc4+ 1-0

[Event "32nd WCh U20 Girls"]
[Site "Pune IND"]
[Date "2014.10.16"]
[Round "10.33"]
[White "Bala Kannamma, P."]
[Black "Djogteva, Jekaterina"]
[Result "1-0"]
[WhiteElo "2023"]
[BlackElo "1754"]
[EventDate "2014.10.06"]
[PlyCount "93"]

1.e4 e5 2.Nf3 Nf6 3.Nxe5 d6 4.Nf3 Nxe4 5.Nc3 Nxc3 6.dxc3 Be7 7.Bf4 Nc6 8.
Be2 O-O 9.Qd2 Re8 10.O-O-O Bf6 11.Kb1 Bf5 12.Rhg1 Ne5 13.Nd4 Bd7 14.g4 Nc6
15.Nf3 Ne5 16.g5 Nxf3 17.Bxf3 Be5 18.Bxe5 Rxe5 19.Bxb7 Rb8 20.Bd5 c6 21.
Bb3 d5 22.Qd4 Qc7 23.Rde1 Rbe8 24.Rxe5 Rxe5 25.Qd2 Re4 26.f3 Qf4 27.Qxf4 
Rxf4 28.Rg3 Rh4 29.Rg2 Rf4 30.Rf2 Bg4 31.Kc1 Rxf3 32.Rxf3 Bxf3 33.Ba4 c5 
34.Bc6 Kf8 35.c4 Ke7 36.Bxd5 Bxd5 37.cxd5 c4 38.b3 c3 39.Kd1 Kd6 40.Ke2 
Kxd5 41.Kd3 Ke5 42.b4 Kf4 43.a4 Kxg5 44.b5 Kf6 45.a5 Ke7 46.b6 axb6 47.a6 
1-0

[Event "32nd WCh U20 Girls"]
[Site "Pune IND"]
[Date "2014.10.16"]
[Round "10.34"]
[White "Afraoui, Solenn"]
[Black "Mahasweta, Kumar"]
[Result "1/2-1/2"]
[WhiteElo "1989"]
[BlackElo "1847"]
[EventDate "2014.10.06"]
[PlyCount "100"]

1.e4 d6 2.d4 Nf6 3.Nc3 g6 4.f4 Bg7 5.Nf3 c6 6.h3 Nh5 7.Ne2 Nf6 8.Nc3 Nh5 
9.Be3 Ng3 10.Rg1 Nxf1 11.Rxf1 b5 12.a3 Ba6 13.Kf2 Nd7 14.Re1 Nb6 15.Kg1 
O-O 16.b3 Qc7 17.Qd2 Rfd8 18.Rad1 Rac8 19.Na2 Bb7 20.Qf2 e6 21.f5 exf5 22.
exf5 Nd5 23.fxg6 hxg6 24.Bg5 f6 25.Bc1 Bf8 26.Qg3 Qg7 27.Nh4 Ne7 28.Rf1 g5
29.Nf5 Nxf5 30.Rxf5 Be7 31.Nc3 d5 32.Rdf1 Rf8 33.h4 Rcd8 34.hxg5 fxg5 35.
Rxf8+ Rxf8 36.Rxf8+ Bxf8 37.Ne2 Bc8 38.Bxg5 Bxa3 39.Qh4 Bf8 40.Bf6 Qg4 41.
Qf2 Bh6 42.Qg3 Qxg3 43.Nxg3 Bg4 44.Kf2 a5 45.Be7 Bf8 46.Bxf8 Kxf8 47.Ke1 
Ke7 48.Nf1 Kf6 49.Kd2 Kg5 50.Ne3 Be6 1/2-1/2

[Event "32nd WCh U20 Girls"]
[Site "Pune IND"]
[Date "2014.10.16"]
[Round "10.35"]
[White "Vantika, Agrawal"]
[Black "Bidhar, Rutumbara"]
[Result "1-0"]
[WhiteElo "1842"]
[BlackElo "1780"]
[EventDate "2014.10.06"]
[PlyCount "99"]

1.d4 Nf6 2.Nf3 g6 3.g3 Bg7 4.Bg2 O-O 5.O-O d5 6.c4 b6 7.Nc3 Bb7 8.cxd5 
Nxd5 9.Nxd5 Bxd5 10.Qc2 Nd7 11.e4 Bb7 12.Bf4 Rc8 13.Rac1 c5 14.d5 Re8 15.
Bh3 Ra8 16.Rcd1 Nf6 17.Rfe1 Nh5 18.Be3 Qc7 19.b4 c4 20.Nd4 a6 21.a4 Bxd4 
22.Bxd4 e6 23.dxe6 fxe6 24.Qc3 e5 25.Be3 Nf6 26.f3 Bc8 27.Bf1 Be6 28.Rc1 
Rac8 29.Red1 Bf7 30.a5 b5 31.Bb6 Qe7 32.Bh3 Be6 33.Bxe6+ Qxe6 34.Rd2 Nd7 
35.Be3 Nb8 36.Rcd1 Nc6 37.Rd6 Qe7 38.Bc5 Qf7 39.Rd7 Qf6 40.Bb6 Re6 41.Kg2 
Qf8 42.Bc5 Qf6 43.R1d5 Rd8 44.Qd2 Rxd7 45.Rxd7 Ne7 46.Qh6 Qf8 47.Qh4 c3 
48.Rxe7 Rxe7 49.Qxe7 Qh6 50.Qe8+ 1-0